| 000 | 01446nam a2200301 i 4500 | ||
|---|---|---|---|
| 001 | 180063 | ||
| 003 | ES-MaACL | ||
| 005 | 20250807082103.0 | ||
| 008 | 120410s2011 sp |||| | spa d | ||
| 080 | _a347.62 | ||
| 245 | 0 | 0 |
_aMatrimonio, matrimonio _b: la constitucionalidad de la reforma del Código civil que permite el matrimonio entre personas del mismo sexo / _cGermán Gómez Orfanel, José María Miquel González, Gregorio Peces-Barba Martínez, Amelia Valcárcel Bernaldo de Quirós. |
| 260 |
_aMadrid : _bCOGAM, Colectivo de Lesbianas, Gays, Transexuales y Bisexuales de Madrid, _c2011. |
||
| 300 |
_a14 p. ; _c21 cm + _e1 h. |
||
| 594 | _aEn h. suelta: programa del Coloquio homónimo, celebrado el 28 de noviembre de 2011, en la Sala de Conferencias del Ateneo de Madrid. | ||
| 610 | 2 | 4 |
_aAteneo de Madrid- _vConferencias- _y2000- _9168597 |
| 650 | 7 |
_aMatrimonio homosexual- _xDerecho y legislación _2 _9149752 |
|
| 650 | 7 |
_aMatrimonio (Derecho) _2embne _9144371 |
|
| 650 | 4 |
_aHomosexualidad _913469 |
|
| 650 | 4 |
_aBisexualidad _9239718 |
|
| 700 | 1 |
_aGómez Orfanel, Germán. _958091 |
|
| 700 | 1 |
_aMiquel González, José María. _9149751 |
|
| 700 | 1 |
_aPeces-Barba, Gregorio, _d1938- _989835 |
|
| 700 | 1 |
_aValcárcel, Amelia, _d1950- _9112466 |
|
| 710 | 2 |
_aColectivo de Lesbianas, Gays, Transexuales y Bisexuales de Madrid _9149750 |
|
| 852 |
_aES-MaACL _j2309-F-22 |
||
| 942 | _2udc | ||
| 999 |
_c180063 _d180063 |
||